| 000 | 00579nam a2200205 i 4500 | ||
|---|---|---|---|
| 001 | bg | ||
| 100 | 1 | _aGDOWSKI, Bogusław | |
| 245 | 0 |
_aZbiór zadań z matematyki / _cBogusław Gdowski, Edward Pluciński. |
|
| 260 |
_aWarszawa : _bWydawn. Nauk.-Techn., _c1971. |
||
| 300 |
_as. 518 : _bilustr., tab., wykr. |
||
| 521 | _aDla kandydatów na wyższe uczelnie. | ||
| 650 | 9 | _aMatematyka | |
| 655 | _aĆwiczenia i zadania | ||
| 700 | 1 | _aPLUCIŃSKI, Edward | |
| 040 | _cBPK | ||
| 041 | _apol | ||
| 080 | _a51(076) | ||
| 942 | _cKS | ||
| 008 | s pl f |000 0 pol | ||
| 999 |
_c7371 _d7371 |
||
| 856 |
_uhttp://koha.tu.koszalin.pl/cgi-bin/koha/opac-detail.pl?biblionumber=7371 _yKatalog online BPK |
||